[Event "23. Torneo San Viator"]
[Site "Madrid ESP"]
[Date "2014.10.12"]
[Round "3.12"]
[White "Rodriguez Valero, Martin"]
[Black "Lobato Rivero, Carlos"]
[Result "0-1"]
[WhiteElo "1814"]
[BlackElo "2009"]
[PlyCount "118"]
[EventDate "2014.09.28"]
[EventType "swiss"]
[EventRounds "9"]
[EventCountry "ESP"]
[SourceTitle "Ajedrez en Madrid"]
[Source "lmi"]
[SourceDate "2014.09.28"]
[SourceVersion "1"]
[SourceVersionDate "2014.12.18"]
[SourceQuality "1"]

1. e4 c5 2. Nc3 Nc6 3. Nf3 g6 4. d4 cxd4 5. Nxd4 Bg7 6. Be3 Nf6 7. Bc4 O-O 8.
f3 Qb6 9. Qd2 Nxe4 10. fxe4 Bxd4 11. Bxd4 Qxd4 12. Qxd4 Nxd4 13. O-O-O Nc6 14.
Nd5 d6 15. Bb5 Bg4 16. Rd2 Rae8 17. Nc7 Rd8 18. h3 Be6 19. Rhd1 Rc8 20. Nxe6
fxe6 21. Bxc6 Rxc6 22. Re2 Rc4 23. b3 Rc6 24. Rd4 Rf4 25. Rb4 b5 26. a4 a6 27.
Kb2 Kf7 28. c4 bxc4 29. bxc4 a5 30. Rb5 Rxc4 31. Rxa5 Rcxe4 32. Rd2 Rxa4 33.
Rg5 Rab4+ 34. Ka3 Rb7 35. Ra5 Rf1 36. Ka2 Rf5 37. Ra3 Rbb5 38. Ra4 Ra5 39. Kb3
Rxa4 40. Kxa4 Kf6 41. Kb4 Rc5 42. Rf2+ Rf5 43. Rd2 Rf4+ 44. Kc3 e5 45. Ra2 h5
46. Kd3 Kf5 47. Ra7 e6 48. Ke3 Rb4 49. Rf7+ Kg5 50. g3 Rb3+ 51. Kf2 d5 52. h4+
Kg4 53. Rf6 Rb2+ 54. Ke3 d4+ 55. Kd3 Rb3+ 56. Kd2 Rxg3 57. Rxg6+ Kxh4 58. Rxe6
Rc3 59. Rg6 Kh3 0-1

[Event "23. Torneo San Viator"]
[Site "Madrid ESP"]
[Date "2014.10.12"]
[Round "3.13"]
[White "Luna Hermoso, Angel"]
[Black "Lopez Ziegler, Carlos"]
[Result "1/2-1/2"]
[WhiteElo "1955"]
[BlackElo "1954"]
[PlyCount "70"]
[EventDate "2014.09.28"]
[EventType "swiss"]
[EventRounds "9"]
[EventCountry "ESP"]
[SourceTitle "Ajedrez en Madrid"]
[Source "lmi"]
[SourceDate "2014.09.28"]
[SourceVersion "1"]
[SourceVersionDate "2014.12.18"]
[SourceQuality "1"]

1. d4 d5 2. c4 c6 3. Nf3 Nf6 4. e3 e6 5. b3 Be7 6. Bd3 O-O 7. O-O c5 8. Bb2 Nc6
9. Nbd2 b6 10. Ne5 Bb7 11. Rc1 Rc8 12. cxd5 Qxd5 13. e4 Qd8 14. Nxc6 Bxc6 15.
Nc4 cxd4 16. f3 Bc5 17. a3 a5 18. Nxa5 bxa5 19. Rxc5 Nd7 20. Rh5 Qb6 21. e5 g6
22. Rh4 Nxe5 23. Qd2 f5 24. Bxd4 Qb8 25. Qe3 Nf7 26. Bc4 Bd5 27. Bxd5 exd5 28.
f4 Rfe8 29. Qh3 Re4 30. Ba1 Qa7+ 31. Kh1 Nd8 32. Qd3 d4 33. b4 axb4 34. axb4
Ne6 35. h3 Qc7 1/2-1/2

[Event "23. Torneo San Viator"]
[Site "Madrid ESP"]
[Date "2014.10.12"]
[Round "3.14"]
[White "Mejias Gonzalez, Pedro"]
[Black "Lopez Ramirez, Rafael"]
[Result "1/2-1/2"]
[WhiteElo "1632"]
[BlackElo "1780"]
[PlyCount "96"]
[EventDate "2014.09.28"]
[EventType "swiss"]
[EventRounds "9"]
[EventCountry "ESP"]
[SourceTitle "Ajedrez en Madrid"]
[Source "lmi"]
[SourceDate "2014.09.28"]
[SourceVersion "1"]
[SourceVersionDate "2014.12.18"]
[SourceQuality "1"]

1. e4 e6 2. Nf3 d5 3. exd5 exd5 4. d4 Nf6 5. Bg5 Bd6 6. Nc3 c6 7. Be2 O-O 8.
O-O h6 9. Bh4 Bf5 10. Bg3 Re8 11. Bxd6 Qxd6 12. a3 Nbd7 13. h3 Ne4 14. Nxe4
Bxe4 15. Bd3 Nf6 16. Re1 Re7 17. Bxe4 Nxe4 18. Nd2 Rae8 19. Nxe4 dxe4 20. Qd2
Re6 21. Re2 Rg6 22. Rae1 f5 23. Kh1 Rd8 24. c3 c5 25. Rd1 Qd5 26. dxc5 Qxd2 27.
Rexd2 Rxd2 28. Rxd2 Rc6 29. Rd5 g6 30. Rd7 Rxc5 31. Rxb7 a5 32. Rd7 a4 33. Kg1
Rb5 34. Rd2 Kf7 35. Kf1 Ke6 36. Ke1 Ke5 37. g3 g5 38. Ke2 h5 39. f3 exf3+ 40.
Kxf3 h4 41. gxh4 gxh4 42. Rd4 Rxb2 43. Rxh4 Rb3 44. Rxa4 Rxc3+ 45. Kg2 f4 46.
h4 Kf5 47. h5 Kg4 48. h6 Rh3 1/2-1/2

[Event "23. Torneo San Viator"]
[Site "Madrid ESP"]
[Date "2014.10.12"]
[Round "3.15"]
[White "Rodriguez Romero, Martin"]
[Black "Escribano Serrano, Pedro"]
[Result "0-1"]
[WhiteElo "1422"]
[BlackElo "1771"]
[PlyCount "134"]
[EventDate "2014.09.28"]
[EventType "swiss"]
[EventRounds "9"]
[EventCountry "ESP"]
[SourceTitle "Ajedrez en Madrid"]
[Source "lmi"]
[SourceDate "2014.09.28"]
[SourceVersion "1"]
[SourceVersionDate "2014.12.18"]
[SourceQuality "1"]

1. d4 d5 2. Nf3 c6 3. e3 Bf5 4. c4 e6 5. Qb3 Qc7 6. Nc3 Nf6 7. Bd2 Nbd7 8. cxd5
exd5 9. Rc1 Qb6 10. Qxb6 axb6 11. Nh4 Be6 12. Bd3 b5 13. a3 Nb6 14. Nf3 Nc4 15.
Bxc4 bxc4 16. Ne5 Bd6 17. f3 O-O 18. e4 Bxe5 19. dxe5 Nd7 20. exd5 cxd5 21. f4
Nc5 22. Ke2 Bg4+ 23. Ke3 Nb3 24. Nxd5 Nxc1 25. Rxc1 b5 26. h3 Bd7 27. Rd1 Rfb8
28. Bb4 Rb7 29. f5 Bc6 30. Ne7+ Rxe7 31. Bxe7 Bxg2 32. h4 h6 33. h5 Bh3 34. Kf4
c3 35. bxc3 Rc8 36. Rd3 Rc4+ 37. Kg3 Bxf5 38. Rd8+ Kh7 39. Bb4 Rg4+ 40. Kf3 Rh4
41. Rb8 Bd3 42. Ke3 Bc4 43. Rc8 Rxh5 44. Rc5 Rh3+ 45. Kf4 Rh4+ 46. Kg3 Re4 47.
Kf3 Rh4 48. Kg3 g5 49. Rc6 Rf4 50. Bf8 Be6 51. Rb6 Rc4 52. Bb4 h5 53. Rxb5 h4+
54. Kh2 Re4 55. Be7 Kg6 56. Rb8 Rxe5 57. a4 f5 58. Rb2 Kh5 59. Bf6 Re4 60. a5
g4 61. a6 g3+ 62. Kg2 Ra4 63. Be5 f4 64. Rb4 h3+ 65. Kf3 Rxb4 66. cxb4 h2 67.
Kg2 Bd5+ 0-1

[Event "23. Torneo San Viator"]
[Site "Madrid ESP"]
[Date "2014.10.12"]
[Round "3.16"]
[White "Martinez De Navascues, Francis"]
[Black "Del Noval Nemeshazi, Mario"]
[Result "1-0"]
[WhiteElo "1760"]
[BlackElo "1309"]
[PlyCount "61"]
[EventDate "2014.09.28"]
[EventType "swiss"]
[EventRounds "9"]
[EventCountry "ESP"]
[SourceTitle "Ajedrez en Madrid"]
[Source "lmi"]
[SourceDate "2014.09.28"]
[SourceVersion "1"]
[SourceVersionDate "2014.12.18"]
[SourceQuality "1"]

1. b3 d5 2. Bb2 Nc6 3. e3 Nf6 4. Nf3 e6 5. Bb5 Bd7 6. O-O a6 7. Bxc6 Bxc6 8.
Ne5 Bb5 9. d3 Bd6 10. Nd2 O-O 11. f4 Bc5 12. Rf3 Nd7 13. Rh3 Nxe5 14. Bxe5 Bd7
15. Qh5 h6 16. Bxg7 Bxe3+ 17. Kh1 Bxf4 18. Bxh6 Qf6 19. Qg4+ Qg6 20. Qxf4 e5
21. Qg3 Bxh3 22. Qxg6+ fxg6 23. Bxf8 Bxg2+ 24. Kxg2 Rxf8 25. Rf1 Re8 26. Re1
Kf7 27. Nf3 Kf6 28. Kg3 Kf5 29. h4 c5 30. Ng5 Re7 31. Rf1# 1-0

[Event "23. Torneo San Viator"]
[Site "Madrid ESP"]
[Date "2014.10.12"]
[Round "3.18"]
[White "Algaba Traspuesto, Jose Antoni"]
[Black "Martos De La Vega, Alvar"]
[Result "1-0"]
[WhiteElo "1691"]
[BlackElo "1951"]
[PlyCount "77"]
[EventDate "2014.09.28"]
[EventType "swiss"]
[EventRounds "9"]
[EventCountry "ESP"]
[SourceTitle "Ajedrez en Madrid"]
[Source "lmi"]
[SourceDate "2014.09.28"]
[SourceVersion "1"]
[SourceVersionDate "2014.12.18"]
[SourceQuality "1"]

1. d4 Nf6 2. e3 g6 3. b4 Bg7 4. Bb2 d6 5. Nf3 c6 6. c4 Nbd7 7. Be2 O-O 8. O-O
Qc7 9. h3 e5 10. Nc3 a6 11. a4 e4 12. Nd2 d5 13. Qb3 Qd6 14. b5 Re8 15. cxd5
cxd5 16. Ba3 Qe6 17. Rfc1 Rd8 18. Rab1 a5 19. b6 Nf8 20. Nb5 Ne8 21. Nc7 Nxc7
22. bxc7 Re8 23. Bb5 Nd7 24. Qc3 Bf8 25. Bxf8 Rxf8 26. Nb3 Qb6 27. Rc2 h5 28.
Rcb2 Qa7 29. Bxd7 Bxd7 30. Nc5 Bc6 31. Nxb7 Bxa4 32. Nd6 Bd7 33. Rb7 Qa6 34.
R1b6 Qe2 35. Rb8 Kg7 36. Rxa8 Rxa8 37. Rb8 Ra6 38. c8=Q Bxc8 39. Qxc8 1-0

[Event "23. Torneo San Viator"]
[Site "Madrid ESP"]
[Date "2014.10.12"]
[Round "3.19"]
[White "Cuellar Gutierrez, Raul"]
[Black "Jimenez Gonzalez, Marcos"]
[Result "0-1"]
[WhiteElo "1690"]
[BlackElo "1887"]
[PlyCount "118"]
[EventDate "2014.09.28"]
[EventType "swiss"]
[EventRounds "9"]
[EventCountry "ESP"]
[SourceTitle "Ajedrez en Madrid"]
[Source "lmi"]
[SourceDate "2014.09.28"]
[SourceVersion "1"]
[SourceVersionDate "2014.12.18"]
[SourceQuality "1"]

1. c4 c6 2. Nc3 d5 3. e3 Nf6 4. d4 Bf5 5. Qb3 Qb6 6. Nf3 e6 7. Be2 dxc4 8. Bxc4
Nbd7 9. Nh4 Qxb3 10. axb3 Bg6 11. Nxg6 hxg6 12. Bd2 Bd6 13. h3 Nb6 14. Na4 O-O
15. Nxb6 axb6 16. Ke2 b5 17. Bd3 Nd5 18. Be4 f5 19. Bf3 Nf6 20. Ba5 Ra6 21. Bc3
Rfa8 22. Rxa6 Rxa6 23. Kd3 b4 24. Bd2 e5 25. dxe5 Bxe5 26. Bxb4 Bxb2 27. Rd1
Be5 28. Bc3 Bxc3 29. Kxc3 Ra2 30. Rd2 Rxd2 31. Kxd2 Kf8 32. Kc3 Ke7 33. Kd4 Ke6
34. b4 b6 35. Kc4 Nd7 36. Kd4 c5+ 37. bxc5 bxc5+ 38. Kc3 g5 39. g4 Ne5 40. Be2
f4 41. exf4 gxf4 42. f3 g5 43. Bd1 Kd5 44. Bb3+ c4 45. Bd1 Nf7 46. Bc2 Kc5 47.
Bd1 Nd6 48. Be2 Nb5+ 49. Kd2 Kd4 50. Bf1 c3+ 51. Kc2 Nc7 52. h4 gxh4 53. g5 Ne6
54. g6 Ke3 55. Kxc3 Kxf3 56. Bh3 Ng7 57. Kd4 Kg3 58. Bd7 h3 59. Bxh3 Kxh3 0-1

[Event "23. Torneo San Viator"]
[Site "Madrid ESP"]
[Date "2014.10.12"]
[Round "3.20"]
[White "Uceda Martinez, Jacinto"]
[Black "Porris Rebollar, Ivan"]
[Result "1-0"]
[WhiteElo "1795"]
[BlackElo "1493"]
[PlyCount "59"]
[EventDate "2014.09.28"]
[EventType "swiss"]
[EventRounds "9"]
[EventCountry "ESP"]
[SourceTitle "Ajedrez en Madrid"]
[Source "lmi"]
[SourceDate "2014.09.28"]
[SourceVersion "1"]
[SourceVersionDate "2014.12.18"]
[SourceQuality "1"]

1. d4 d5 2. c4 e6 3. Nc3 Nf6 4. Nf3 Be7 5. Bg5 b6 6. e3 Bb7 7. Be2 c5 8. O-O
O-O 9. Bxf6 Bxf6 10. cxd5 exd5 11. Rc1 c4 12. b3 Ba6 13. bxc4 Bxc4 14. Bxc4
dxc4 15. Qa4 Qd7 16. Qxc4 Nc6 17. Ne4 Rac8 18. Nxf6+ gxf6 19. Qb5 Qe6 20. d5
Qf5 21. Rxc6 Rxc6 22. Qxc6 Rc8 23. Qd6 Rc5 24. Qb8+ Rc8 25. Qxa7 Qxd5 26. Nd4
Ra8 27. Qxb6 f5 28. Qh6 Rxa2 29. Rb1 Qa8 30. Nxf5 1-0

[Event "23. Torneo San Viator"]
[Site "Madrid ESP"]
[Date "2014.10.12"]
[Round "3.21"]
[White "Santos Valdivia, Victor Manuel"]
[Black "Linares Leyva, David"]
[Result "0-1"]
[WhiteElo "1473"]
[BlackElo "1841"]
[PlyCount "80"]
[EventDate "2014.09.28"]
[EventType "swiss"]
[EventRounds "9"]
[EventCountry "ESP"]
[SourceTitle "Ajedrez en Madrid"]
[Source "lmi"]
[SourceDate "2014.09.28"]
[SourceVersion "1"]
[SourceVersionDate "2014.12.18"]
[SourceQuality "1"]

1. d4 Nf6 2. e3 g6 3. b3 Bg7 4. Bb2 O-O 5. Nd2 d5 6. Bd3 Nbd7 7. Ngf3 c5 8. c3
Re8 9. Ne5 Nxe5 10. dxe5 Ng4 11. f4 Nxe3 12. Qe2 d4 13. h3 Nd5 14. cxd4 Nxf4
15. Qf3 Nxd3+ 16. Qxd3 Bxe5 17. Qe4 Bg3+ 18. Ke2 cxd4 19. Bxd4 e5 20. Bf2 Bxf2
21. Rhf1 Bb6 22. Rad1 Qd4 23. Qf3 Be6 24. Ne4 Qb2+ 25. Rd2 Qa3 26. Nf6+ Kg7 27.
Nxe8+ Rxe8 28. Rfd1 Qa6+ 29. Qd3 Qxd3+ 30. Rxd3 Bd4 31. g4 Bd5 32. Kd2 Be4 33.
Rg3 Rc8 34. Rc1 Rxc1 35. Kxc1 Kf6 36. Kd1 Kg5 37. Ke2 Kf4 38. Rd3 Bxd3+ 39.
Kxd3 Kg3 40. a4 Bf2 0-1

[Event "23. Torneo San Viator"]
[Site "Madrid ESP"]
[Date "2014.10.12"]
[Round "3.23"]
[White "Garcia Ruido, Ricardo"]
[Black "Lianes Garcia, Marcos"]
[Result "1-0"]
[WhiteElo "2063"]
[BlackElo "1870"]
[PlyCount "135"]
[EventDate "2014.09.28"]
[EventType "swiss"]
[EventRounds "9"]
[EventCountry "ESP"]
[SourceTitle "Ajedrez en Madrid"]
[Source "lmi"]
[SourceDate "2014.09.28"]
[SourceVersion "1"]
[SourceVersionDate "2014.12.18"]
[SourceQuality "1"]

1. d4 e6 2. Nf3 Nf6 3. e3 b6 4. Bd3 Bb7 5. O-O Be7 6. Nbd2 d6 7. e4 Nbd7 8. Qe2
c5 9. c3 O-O 10. Re1 e5 11. dxe5 Nxe5 12. Nxe5 dxe5 13. Nf1 Bc8 14. Bg5 Ne8 15.
Bd2 Be6 16. Bc4 Nd6 17. Bxe6 fxe6 18. Qg4 Rf6 19. Rad1 Rg6 20. Qh5 Bf6 21. Bc1
Qe8 22. Kh1 Rd8 23. Qe2 Qa4 24. a3 Kf7 25. f3 Qc4 26. Qc2 Qb5 27. Ne3 Qc6 28.
Re2 h5 29. Nf1 Bh4 30. Be3 a6 31. Bf2 Bf6 32. Ree1 Rh6 33. Qe2 Qb7 34. b4 cxb4
35. axb4 Rhh8 36. c4 b5 37. c5 Nc4 38. Ne3 Nxe3 39. Bxe3 Qc6 40. Ra1 Rd7 41.
Ra3 Ra8 42. h3 g6 43. Rea1 Ke7 44. Qa2 Rda7 45. Rd3 a5 46. Rd6 Qc8 47. bxa5 Kf7
48. a6 Be7 49. Rb6 Rc7 50. Rxb5 Qd7 51. Qc4 Qc6 52. Rb6 Qd7 53. Kh2 h4 54. c6
Qd6 55. Rc1 Rac8 56. Rc2 Qa3 57. Rc3 Qa1 58. Rb7 Qe1 59. Rxc7 Rxc7 60. a7 Qg3+
61. Kh1 Qe1+ 62. Bg1 Rxa7 63. Rc1 Ra4 64. c7 Rxc4 65. Rxc4 Bg5 66. c8=Q Be3 67.
Rc7+ Kf6 68. Qd8# 1-0

[Event "23. Torneo San Viator"]
[Site "Madrid ESP"]
[Date "2014.10.12"]
[Round "3.24"]
[White "Perdomo Araujo, Angel Eduardo"]
[Black "Aguilera Lopez, Alejandro"]
[Result "1-0"]
[WhiteElo "2055"]
[BlackElo "1867"]
[PlyCount "55"]
[EventDate "2014.09.28"]
[EventType "swiss"]
[EventRounds "9"]
[EventCountry "ESP"]
[SourceTitle "Ajedrez en Madrid"]
[Source "lmi"]
[SourceDate "2014.09.28"]
[SourceVersion "1"]
[SourceVersionDate "2014.12.18"]
[SourceQuality "1"]

1. e4 c5 2. Nf3 e6 3. d4 cxd4 4. Nxd4 Nf6 5. Bd3 Nc6 6. Nxc6 bxc6 7. O-O d5 8.
exd5 cxd5 9. c4 Be7 10. Nc3 dxc4 11. Qa4+ Bd7 12. Qxc4 O-O 13. Rd1 Rc8 14. Qh4
Rc5 15. Ne4 Nxe4 16. Qxe4 f5 17. Qe2 f4 18. Bxh7+ Kh8 19. Be4 Qc7 20. b4 Rg5
21. h4 f3 22. Bxf3 Bb5 23. Qxe6 Re5 24. Qg4 Ref5 25. Bb2 Bd8 26. Rxd8 Rxd8 27.
Qxf5 Be8 28. Be4 1-0

[Event "23. Torneo San Viator"]
[Site "Madrid ESP"]
[Date "2014.10.12"]
[Round "3.25"]
[White "Vazquez Gonzalez, Jesus"]
[Black "Perez Sempere, Alberto"]
[Result "1-0"]
[WhiteElo "2034"]
[BlackElo "1845"]
[PlyCount "87"]
[EventDate "2014.09.28"]
[EventType "swiss"]
[EventRounds "9"]
[EventCountry "ESP"]
[SourceTitle "Ajedrez en Madrid"]
[Source "lmi"]
[SourceDate "2014.09.28"]
[SourceVersion "1"]
[SourceVersionDate "2014.12.18"]
[SourceQuality "1"]

1. b3 Nf6 2. Bb2 e6 3. e3 d5 4. Be2 Nbd7 5. f4 Be7 6. Nf3 c5 7. O-O O-O 8. Qe1
a6 9. a4 b6 10. Ne5 Bb7 11. d4 Ne4 12. Nd2 Nxd2 13. Qxd2 Nf6 14. Bd3 Ne4 15.
Qe2 f5 16. Rf3 Bd6 17. dxc5 Nxc5 18. Rh3 Qe8 19. Qf2 Qe7 20. Qg3 Rf6 21. Qh4
Rh6 22. Qxe7 Bxe7 23. Rxh6 gxh6 24. Bd4 Rc8 25. Be2 Ne4 26. Bh5 Bc5 27. Bf7+
Kg7 28. Bxe6 Bxd4 29. exd4 Rxc2 30. Bxf5 Rd2 31. Rc1 Kg8 32. h4 Nd6 33. Be6+
Kf8 34. Rc7 Rxd4 35. Rxh7 Rd1+ 36. Kh2 Ke8 37. Ng6 Kd8 38. Rd7+ Ke8 39. Rxd6 d4
40. Rxb6 d3 41. Rxb7 Kd8 42. Rd7+ Ke8 43. Bg4 Rd2 44. Ne5 1-0

[Event "23. Torneo San Viator"]
[Site "Madrid ESP"]
[Date "2014.10.12"]
[Round "3.26"]
[White "Gil Sierra, Jacinto"]
[Black "Bustos Bernardo, Samuel"]
[Result "1-0"]
[WhiteElo "1986"]
[BlackElo "1826"]
[PlyCount "45"]
[EventDate "2014.09.28"]
[EventType "swiss"]
[EventRounds "9"]
[EventCountry "ESP"]
[SourceTitle "Ajedrez en Madrid"]
[Source "lmi"]
[SourceDate "2014.09.28"]
[SourceVersion "1"]
[SourceVersionDate "2014.12.18"]
[SourceQuality "1"]

1. e4 e6 2. d4 d5 3. Nc3 dxe4 4. Nxe4 Bd7 5. Nf3 Bc6 6. Bd3 Nd7 7. O-O Ngf6 8.
Qe2 Be7 9. Re1 O-O 10. Neg5 Bxf3 11. Qxf3 c6 12. Qh3 g6 13. b3 Re8 14. Rxe6 Qa5
15. Re2 Bb4 16. Bf4 Nf8 17. Be5 Nh5 18. Bc4 Re7 19. Nxf7 Rxf7 20. Qf3 Ne6 21.
Bxe6 Raf8 22. c4 Ng7 23. Qf6 1-0

[Event "23. Torneo San Viator"]
[Site "Madrid ESP"]
[Date "2014.10.12"]
[Round "3.27"]
[White "Martin Hernandez, Vicente"]
[Black "Rodriguez Bittar, Karim Javier"]
[Result "1/2-1/2"]
[WhiteElo "1950"]
[BlackElo "1786"]
[PlyCount "41"]
[EventDate "2014.09.28"]
[EventType "swiss"]
[EventRounds "9"]
[EventCountry "ESP"]
[SourceTitle "Ajedrez en Madrid"]
[Source "lmi"]
[SourceDate "2014.09.28"]
[SourceVersion "1"]
[SourceVersionDate "2014.12.18"]
[SourceQuality "1"]

1. d4 Nf6 2. c4 e5 3. dxe5 Ng4 4. Nf3 Bc5 5. e3 Nc6 6. Be2 Ngxe5 7. Nbd2 O-O 8.
O-O d6 9. b3 Bf5 10. Bb2 Qf6 11. Kh1 Qh6 12. Nxe5 Nxe5 13. e4 Bd7 14. f4 Ng6
15. f5 Ne5 16. Bxe5 dxe5 17. Nf3 Bc6 18. Nxe5 Bxe4 19. Bf3 Rad8 20. Qe2 Bxf3
21. Qxf3 1/2-1/2

[Event "23. Torneo San Viator"]
[Site "Madrid ESP"]
[Date "2014.10.12"]
[Round "3.28"]
[White "Gallego Romero, Manuel"]
[Black "Quispe Arteaga, Gabriel"]
[Result "0-1"]
[WhiteElo "1500"]
[BlackElo "1777"]
[PlyCount "94"]
[EventDate "2014.09.28"]
[EventType "swiss"]
[EventRounds "9"]
[EventCountry "ESP"]
[SourceTitle "Ajedrez en Madrid"]
[Source "lmi"]
[SourceDate "2014.09.28"]
[SourceVersion "1"]
[SourceVersionDate "2014.12.18"]
[SourceQuality "1"]

1. e4 c5 2. Bc4 e6 3. a3 Nc6 4. h3 Nf6 5. d3 d5 6. exd5 exd5 7. Ba2 Be6 8. Nf3
Bd6 9. O-O h6 10. Re1 O-O 11. c3 Qd7 12. d4 cxd4 13. cxd4 Ne4 14. Nc3 Nxc3 15.
bxc3 Rae8 16. Ne5 Nxe5 17. dxe5 Bc5 18. Be3 Qc6 19. Bd4 Bxa3 20. Bb1 Bc5 21.
Qc2 g6 22. Qd2 Kh7 23. Bd3 Bxd4 24. cxd4 Rc8 25. Rec1 Qd7 26. Rcb1 b6 27. Qe3
Bf5 28. Bb5 Qe7 29. Re1 Qb4 30. Ba6 Rc3 31. Qd2 Rb8 32. Re3 Rb3 33. Qd1 Rxe3
34. fxe3 Qc3 35. Kf2 b5 36. Rc1 Qb2+ 37. Kg3 Be6 38. Rb1 Qa3 39. Bxb5 Qxe3+ 40.
Kh2 Rc8 41. Bf1 Rc3 42. Rb2 Rc1 43. Qe2 Qf4+ 44. Kg1 Qxd4+ 45. Kh1 Rxf1+ 46.
Kh2 Rf5 47. Rb7 Qxe5+ 0-1

[Event "23. Torneo San Viator"]
[Site "Madrid ESP"]
[Date "2014.10.12"]
[Round "3.30"]
[White "Hidalgo Prado, David"]
[Black "Sirera Ripoll, Jose"]
[Result "0-1"]
[WhiteElo "1449"]
[BlackElo "1761"]
[PlyCount "52"]
[EventDate "2014.09.28"]
[EventType "swiss"]
[EventRounds "9"]
[EventCountry "ESP"]
[SourceTitle "Ajedrez en Madrid"]
[Source "lmi"]
[SourceDate "2014.09.28"]
[SourceVersion "1"]
[SourceVersionDate "2014.12.18"]
[SourceQuality "1"]

1. e4 c5 2. c3 d6 3. Bb5+ Bd7 4. Bxd7+ Qxd7 5. Nf3 Nc6 6. d3 g6 7. Be3 Bg7 8.
Qc2 Nf6 9. Nbd2 O-O 10. O-O b5 11. d4 cxd4 12. cxd4 Rfc8 13. Qb3 Na5 14. Qd3
Rc7 15. Rfc1 Rac8 16. Rc3 Rxc3 17. bxc3 Nc4 18. Nxc4 Rxc4 19. Nd2 Ra4 20. f3
Qc6 21. a3 Qa6 22. Rb1 Rxa3 23. Rxb5 Nd7 24. Nb1 Rb3 25. Rb8+ Nxb8 26. Qxa6
Nxa6 0-1

[Event "23. Torneo San Viator"]
[Site "Madrid ESP"]
[Date "2014.10.12"]
[Round "3.31"]
[White "Insua Rodriguez, Antonio"]
[Black "Rodriguez Lucena, Angel"]
[Result "0-1"]
[WhiteElo "1430"]
[BlackElo "1741"]
[PlyCount "44"]
[EventDate "2014.09.28"]
[EventType "swiss"]
[EventRounds "9"]
[EventCountry "ESP"]
[SourceTitle "Ajedrez en Madrid"]
[Source "lmi"]
[SourceDate "2014.09.28"]
[SourceVersion "1"]
[SourceVersionDate "2014.12.18"]
[SourceQuality "1"]

1. Nc3 d5 2. e4 d4 3. Nce2 c5 4. Ng3 Nc6 5. Nf3 Qc7 6. Bc4 e6 7. Qe2 Bd6 8. Bb5
Nge7 9. c3 O-O 10. O-O f5 11. exf5 exf5 12. Ng5 Rf6 13. Nh5 Rh6 14. Bc4+ Kf8
15. g3 Ne5 16. Bb3 c4 17. cxd4 cxb3 18. dxe5 Bxe5 19. Qc4 Qxc4 20. Nf3 Bc7 21.
d3 Qg4 22. Bxh6 Qxh5 0-1

[Event "23. Torneo San Viator"]
[Site "Madrid ESP"]
[Date "2014.10.12"]
[Round "3.32"]
[White "Alonso Penalver, Angel"]
[Black "Aguilera Prada, Alejandro"]
[Result "1-0"]
[WhiteElo "1716"]
[BlackElo "1417"]
[PlyCount "87"]
[EventDate "2014.09.28"]
[EventType "swiss"]
[EventRounds "9"]
[EventCountry "ESP"]
[SourceTitle "Ajedrez en Madrid"]
[Source "lmi"]
[SourceDate "2014.09.28"]
[SourceVersion "1"]
[SourceVersionDate "2014.12.18"]
[SourceQuality "1"]

1. d4 Nf6 2. c4 d6 3. Nc3 g6 4. e4 Bg7 5. Nf3 O-O 6. Be2 c5 7. O-O cxd4 8. Nxd4
Nc6 9. Nc2 e5 10. Be3 a6 11. f3 Nh5 12. Qd2 Be6 13. Rad1 Qc7 14. Qxd6 Qxd6 15.
Rxd6 Rfd8 16. Rfd1 Rxd6 17. Rxd6 Rd8 18. Rxd8+ Nxd8 19. Nd5 Nc6 20. b3 Nf6 21.
Kf2 Ne8 22. b4 f5 23. Bd3 f4 24. Bc5 Bf8 25. Bxf8 Kxf8 26. c5 Kf7 27. a4 Nf6
28. Nb6 Nd7 29. Nc4 Bxc4 30. Bxc4+ Ke7 31. Bd5 a5 32. b5 Nb4 33. Nxb4 Nxc5 34.
Na2 b6 35. Nc3 Kd6 36. Ke2 Nd7 37. Bc6 Nc5 38. Bd5 Nd7 39. Bb3 Kc5 40. Nd5 Nf8
41. Kd3 h5 42. Kc3 Ne6 43. Nxb6 Kxb6 44. Bxe6 1-0

[Event "23. Torneo San Viator"]
[Site "Madrid ESP"]
[Date "2014.10.12"]
[Round "3.33"]
[White "Yeves Miquel, Enrique"]
[Black "Perez Perez, Marta"]
[Result "1-0"]
[WhiteElo "1705"]
[BlackElo "1364"]
[PlyCount "111"]
[EventDate "2014.09.28"]
[EventType "swiss"]
[EventRounds "9"]
[EventCountry "ESP"]
[SourceTitle "Ajedrez en Madrid"]
[Source "lmi"]
[SourceDate "2014.09.28"]
[SourceVersion "1"]
[SourceVersionDate "2014.12.18"]
[SourceQuality "1"]

1. d4 Nf6 2. c4 c5 3. d5 b5 4. cxb5 a6 5. b6 g6 6. Nc3 d6 7. e4 Bg7 8. Nf3 Nbd7
9. a4 Qxb6 10. h3 O-O 11. a5 Qa7 12. Be2 Rb8 13. Nd2 Ne8 14. Nc4 Nc7 15. Na4
Nb5 16. Nab6 Nxb6 17. Nxb6 Rxb6 18. axb6 Qxb6 19. O-O Rd8 20. Bc4 Re8 21. Qb3
e6 22. dxe6 Bxe6 23. Bxe6 Rxe6 24. Qa4 Nc7 25. Qc2 d5 26. exd5 Nxd5 27. Ra3 Qb5
28. Qa4 Qb7 29. Rb3 Qc7 30. Qc4 Qd6 31. Rd3 Bd4 32. Rf3 Bg7 33. b3 Nb4 34. Re3
Rxe3 35. Bxe3 Bf8 36. Rc1 Nd3 37. Rd1 Nb2 38. Rxd6 Nxc4 39. Rxa6 Nxe3 40. fxe3
Be7 41. Kf2 Kf8 42. Ra8+ Kg7 43. Kf3 Kf6 44. Ke4 Ke6 45. Ra6+ Bd6 46. g4 f5+
47. gxf5+ gxf5+ 48. Kf3 h5 49. e4 fxe4+ 50. Kxe4 Kd7 51. Kd5 Be7 52. Ra7+ Ke8
53. Rxe7+ Kxe7 54. Kxc5 Kd7 55. Kb6 Kd6 56. b4 1-0

[Event "23. Torneo San Viator"]
[Site "Madrid ESP"]
[Date "2014.10.12"]
[Round "3.35"]
[White "Gil Calvente, Jose Antonio"]
[Black "Ortiz Alonso, Carlos"]
[Result "1-0"]
[WhiteElo "1689"]
[BlackElo "1349"]
[PlyCount "73"]
[EventDate "2014.09.28"]
[EventType "swiss"]
[EventRounds "9"]
[EventCountry "ESP"]
[SourceTitle "Ajedrez en Madrid"]
[Source "lmi"]
[SourceDate "2014.09.28"]
[SourceVersion "1"]
[SourceVersionDate "2014.12.18"]
[SourceQuality "1"]

1. d4 Nf6 2. Nf3 d5 3. e3 e6 4. Bd3 Be7 5. b3 Nbd7 6. Bb2 O-O 7. Nbd2 Re8 8.
O-O Nf8 9. Ne5 Ng6 10. f4 Nh4 11. g4 h6 12. Qe1 Nh7 13. Bxh7+ Kxh7 14. Nxf7 Qd7
15. g5 Ng6 16. Nf3 Rf8 17. N7e5 Nxe5 18. Nxe5 Qd8 19. g6+ Kg8 20. Nf7 Rxf7 21.
gxf7+ Kxf7 22. Qe2 Bd7 23. Qh5+ Kg8 24. Rf2 Be8 25. Qh3 Bf7 26. Kh1 Qf8 27. Rg1
Kh7 28. f5 exf5 29. Qxf5+ Kg8 30. Qh3 Bg5 31. Rgf1 Bf6 32. Ba3 Qe8 33. Rxf6
gxf6 34. Qxh6 Qe4+ 35. Kg1 Qg4+ 36. Kf2 Qg7 37. Rg1 1-0